[Event "Malopolska Region-chB"]
[Site "Krakow"]
[Date "2019.06.20"]
[Round "2"]
[White "Zaboklicki, Zbigniew"]
[Black "Koloczek, Maciej"]
[Result "0-1"]
[WhiteElo "1738"]
[BlackElo "1981"]
[PlyCount "78"]
[EventDate "2019.06.20"]
[EventType "swiss"]
[EventRounds "7"]
[EventCountry "POL"]
[SourceTitle "EXT 2020"]
[Source "ChessBase"]
[SourceDate "2019.10.17"]
[SourceVersion "1"]
[SourceVersionDate "2019.10.17"]
[SourceQuality "1"]

1. Nf3 Nf6 2. b3 g6 3. Bb2 Bg7 4. e4 d6 5. d3 0-0 6. Be2 c5 7. 0-0 Nc6 8. Nbd2 e5 9. a4 Nh5 10. Ne1 Nf4 11. Bf3 Bh6 12. Nc4 Ne6 13. g3 Ned4 14. Bg2 Be6 15. c3 Bxc4 16. cxd4 Ba6 17. dxc5 dxc5 18. Bc1 Bxc1 19. Rxc1 b6 20. Rc3 Nb4 21. Qd2 Qe7 22. f4 Rfd8 23. f5 Rd6 24. Bf3 Rad8 25. Be2 f6 26. g4 Qg7 27. Kh1 g5 28. Rf3 Qf7 29. Rg3 Bb7 30. Re3 Rd4 31. Rc4 Rxc4 32. bxc4 Qxc4 33. Nf3 Qa2 34. Qc1 Qc2 35. Qf1 Qxa4 36. Nd2 Qd7 37. h4 gxh4 38. Qh3 Nc2 39. Rf3 Nd4 0-1

[Event "Krakow op-B 29th"]
[Site "Krakow"]
[Date "2018.12.30"]
[Round "5"]
[White "Zaboklicki, Zbigniew"]
[Black "Ociepka, Tomasz"]
[Result "0-1"]
[WhiteElo "1742"]
[BlackElo "1907"]
[PlyCount "60"]
[EventDate "2018.12.27"]
[EventType "swiss"]
[EventRounds "9"]
[EventCountry "POL"]
[SourceTitle "CBM 189 Extra"]
[Source "ChessBase"]
[SourceDate "2019.06.03"]
[SourceVersion "1"]
[SourceVersionDate "2019.06.03"]
[SourceQuality "1"]

1. d4 Nf6 2. Nf3 g6 3. g3 Bg7 4. Bg2 0-0 5. 0-0 c5 6. c3 Na6 7. Re1 d5 8. Nbd2 b6 9. Ne5 Bb7 10. dxc5 Nxc5 11. Nd3 Nce4 12. f3 Nxd2 13. Bxd2 d4 14. e3 dxe3 15. Bxe3 Nd5 16. Bf2 Qc7 17. Qb3 Rac8 18. Rac1 Rfd8 19. Nb4 e6 20. c4 Nxb4 21. Qxb4 Rd3 22. Red1 Rcd8 23. Rxd3 Rxd3 24. f4 Bxg2 25. Kxg2 Qd7 26. Rc2 Rd1 27. Qb3 Qc6+ 28. Qf3 Qd7 29. Qa8+ Bf8 30. b3 Qd3 0-1

[Event "Krakow Malopolski-ch"]
[Site "Krakow"]
[Date "2015.04.29"]
[Round "4"]
[White "Szczurek, Krzysztof"]
[Black "Zaboklicki, Zbigniew"]
[Result "1/2-1/2"]
[WhiteElo "1962"]
[BlackElo "1836"]
[PlyCount "92"]
[EventDate "2015.04.26"]
[EventType "swiss"]
[EventRounds "9"]
[EventCountry "POL"]
[SourceTitle "CBM 166 Extra"]
[Source "ChessBase"]
[SourceDate "2015.06.18"]
[SourceVersion "1"]
[SourceVersionDate "2015.06.18"]
[SourceQuality "1"]

1. e4 c5 2. c3 d6 3. d4 Nd7 4. Nf3 a6 5. Bd3 Qc7 6. 0-0 e5 7. Be3 Ngf6 8. Nbd2 Be7 9. Nh4 Nb6 10. Nf5 Bxf5 11. exf5 Nbd5 12. dxe5 Nxe3 13. fxe3 dxe5 14. Ne4 0-0 15. Nxf6+ Bxf6 16. Be4 Rad8 17. Qf3 Rd2 18. b4 cxb4 19. cxb4 Rfd8 20. a3 Qb6 21. h3 h6 22. Rfe1 Qd6 23. Bxb7 e4 24. Bxe4 Bxa1 25. Rxa1 Rd1+ 26. Rxd1 Qxd1+ 27. Qxd1 Rxd1+ 28. Kf2 Ra1 29. Bb7 Rxa3 30. Kf3 Kf8 31. Kf4 Ke7 32. e4 f6 33. Kg4 Ra4 34. Kh5 Rxb4 35. Bxa6 Rxe4 36. g4 Re3 37. h4 Rg3 38. Be2 Re3 39. Ba6 Re4 40. Bb7 Rf4 41. Bc6 Kd6 42. Bb5 Rb4 43. Be2 Rb7 44. Bc4 Rb4 45. Be2 Rb7 46. Bc4 Ke5 1/2-1/2

[Event "Krakow Malopolski-chA"]
[Site "Krakow"]
[Date "2014.05.04"]
[Round "9"]
[White "Szczurek, Krzysztof"]
[Black "Zaboklicki, Zbigniew"]
[Result "1/2-1/2"]
[WhiteElo "1775"]
[BlackElo "1801"]
[PlyCount "170"]
[EventDate "2014.04.27"]
[EventType "swiss"]
[EventRounds "9"]
[EventCountry "POL"]
[SourceTitle "CBM 160 Extra"]
[Source "ChessBase"]
[SourceDate "2014.07.01"]
[SourceVersion "1"]
[SourceVersionDate "2014.07.01"]
[SourceQuality "1"]

1. e4 c5 2. c3 Nc6 3. d4 d5 4. exd5 Qxd5 5. Be3 cxd4 6. cxd4 e6 7. Nc3 Qa5 8. Nf3 Nf6 9. Bd3 Be7 10. 0-0 0-0 11. a3 Qd8 12. Rc1 g6 13. Qc2 Ng4 14. Be4 Nxe3 15. fxe3 Bf6 16. Bxc6 bxc6 17. Ne4 Bg7 18. Qxc6 Bd7 19. Qc2 Bb5 20. Rfd1 Qb6 21. Qc5 Rfd8 22. Qc2 Rab8 23. b4 Qa6 24. Qb2 Qb6 25. Nc5 Bc6 26. Nd2 Bb5 27. Rb1 a6 28. a4 Bc6 29. Nc4 Qa7 30. Na5 Be8 31. Qe2 Rb6 32. Nc4 Rbb8 33. Na3 Rd6 34. Nc4 Rdd8 35. Nd2 Rd6 36. Nde4 Rdb6 37. Qd2 Bf8 38. Nf6+ Kg7 39. Nxe8+ Rxe8 40. Qc3 f6 41. a5 Rc6 42. Qb3 Qc7 43. b5 axb5 44. Qxb5 Rc8 45. Rbc1 Bxc5 46. dxc5 Kh6 47. a6 Rxc5 48. Rxc5 Qxc5 49. Qxc5 Rxc5 50. a7 Ra5 51. Rd7 Ra2 52. h4 f5 53. Kh2 Ra3 54. Kg1 Ra2 55. Kf1 e5 56. g3 Kh5 57. Ke1 h6 58. Kd1 Kg4 59. Rg7 g5 60. Kc1 Kh5 61. Kb1 Ra4 62. hxg5 hxg5 63. Kb2 Kg4 64. Kb3 Ra1 65. Kc4 Kf3 66. Kb5 Kxe3 67. Kb6 g4 68. Rg5 Ke4 69. Kb7 Rb1+ 70. Kc7 Ra1 71. Kb6 Kf3 72. Rxf5+ Kxg3 73. Rxe5 Rxa7 74. Kxa7 Kg2 75. Kb6 g3 76. Kc5 Kf3 77. Rf5+ Ke3 78. Kc4 g2 79. Rg5 Kf2 80. Rf5+ Ke3 81. Rg5 Kf2 82. Rf5+ Ke3 83. Rg5 Kf2 84. Kd3 g1Q 85. Rxg1 Kxg1 1/2-1/2

[Event "Krakow Malopolski-chA"]
[Site "Krakow"]
[Date "2013.04.30"]
[Round "3"]
[White "Zaboklicki, Zbigniew"]
[Black "Kondopoulos, Dimitrios"]
[Result "0-1"]
[WhiteElo "1835"]
[BlackElo "2031"]
[PlyCount "56"]
[EventDate "2013.04.28"]
[EventType "swiss"]
[EventRounds "9"]
[EventCountry "POL"]
[SourceTitle "CBM 154 Extra"]
[Source "ChessBase"]
[SourceDate "2013.06.25"]
[SourceVersion "2"]
[SourceVersionDate "2013.06.25"]
[SourceQuality "1"]

1. d4 d5 2. c4 c6 3. Nf3 Nf6 4. Nc3 e6 5. e3 Nbd7 6. Be2 dxc4 7. Bxc4 b5 8. Bd3 Bd6 9. e4 e5 10. dxe5 Nxe5 11. Nxe5 Bxe5 12. Ne2 0-0 13. f4 Bd4 14. e5 Bb6 15. exf6 Qxf6 16. Qc2 Bg4 17. Bd2 Rfe8 18. Kd1 Rad8 19. Re1 Rxd3 20. Qxd3 Rd8 21. Qxd8+ Qxd8 22. Kc1 f6 23. h3 Be6 24. Nc3 Kf7 25. g4 g6 26. Kc2 Bc4 27. Rad1 Qd3+ 28. Kc1 b4 0-1

[Event "Krakow op-B 23rd"]
[Site "Krakow"]
[Date "2013.01.02"]
[Round "7"]
[White "Zaboklicki, Zbigniew"]
[Black "Kowalski, Piotr"]
[Result "0-1"]
[WhiteElo "1835"]
[BlackElo "2096"]
[PlyCount "58"]
[EventDate "2012.12.27"]
[EventType "swiss"]
[EventRounds "9"]
[EventCountry "POL"]
[SourceTitle "CBM 152 Extra"]
[Source "ChessBase"]
[SourceDate "2013.02.25"]
[SourceVersion "1"]
[SourceVersionDate "2013.02.25"]
[SourceQuality "1"]

1. d4 Nf6 2. Nf3 e6 3. c4 c5 4. d5 b5 5. dxe6 fxe6 6. cxb5 Be7 7. Nc3 d5 8. e3 0-0 9. Bd3 a6 10. bxa6 Bxa6 11. 0-0 Nbd7 12. Ng5 Ne5 13. Bxa6 Rxa6 14. f4 Nc4 15. Qe2 Qb6 16. b3 Na5 17. Na4 Qc6 18. Ba3 Rfa8 19. Rac1 Nc4 20. Rxc4 dxc4 21. Qxc4 Rxa4 22. bxa4 Rxa4 23. Qb3 h6 24. Nxe6 Rxa3 25. Nd4+ Rxb3 26. Nxc6 Rxe3 27. Nxe7+ Rxe7 28. Rc1 Rb7 29. h3 Ne4 0-1

[Event "Krakow op-B 23rd"]
[Site "Krakow"]
[Date "2012.12.29"]
[Round "4"]
[White "Parol, Pawel"]
[Black "Zaboklicki, Zbigniew"]
[Result "1-0"]
[WhiteElo "1984"]
[BlackElo "1835"]
[PlyCount "85"]
[EventDate "2012.12.27"]
[EventType "swiss"]
[EventRounds "9"]
[EventCountry "POL"]
[SourceTitle "CBM 152 Extra"]
[Source "ChessBase"]
[SourceDate "2013.02.25"]
[SourceVersion "1"]
[SourceVersionDate "2013.02.25"]
[SourceQuality "1"]

1. e4 c5 2. Nf3 Nc6 3. c4 Nf6 4. Nc3 e6 5. Be2 Be7 6. 0-0 0-0 7. d4 cxd4 8. Nxd4 Nxd4 9. Qxd4 d6 10. Be3 b6 11. Rfd1 Bb7 12. f3 Qb8 13. Qd2 Rd8 14. Bf1 Bc6 15. Qf2 d5 16. exd5 exd5 17. a4 Bd6 18. Qh4 Bc5 19. Bxc5 bxc5 20. cxd5 Nxd5 21. Ne4 Ne3 22. Rxd8+ Qxd8 23. Qxd8+ Rxd8 24. Nxc5 Rd2 25. b4 f5 26. b5 Bd5 27. Rb1 f4 28. a5 Rc2 29. Nd7 Ra2 30. a6 Rd2 31. Ne5 Re2 32. Rc1 h6 33. Nc6 g5 34. Nxa7 Rb2 35. Nc6 Kg7 36. a7 Ra2 37. b6 Bxc6 38. Rxc6 Ra1 39. Kf2 Rxf1+ 40. Ke2 Ra1 41. b7 Ra2+ 42. Kd3 Ra3+ 43. Rc3 1-0

[Event "Krakow-ch 3rd"]
[Site "Krakow"]
[Date "2012.08.14"]
[Round "8.18"]
[White "Zaboklicki, Zbigniew"]
[Black "Walkusz, Witoslaw"]
[Result "0-1"]
[WhiteElo "1847"]
[BlackElo "2132"]
[PlyCount "64"]
[EventDate "2012.08.08"]
[EventType "swiss"]
[EventRounds "9"]
[EventCountry "POL"]
[SourceTitle "EXT 2023"]
[Source "ChessBase"]
[SourceDate "2022.10.05"]
[SourceVersion "1"]
[SourceVersionDate "2022.10.05"]
[SourceQuality "1"]

1. Nf3 f5 2. g3 Nf6 3. Bg2 g6 4. b3 Bg7 5. Bb2 d6 6. d4 0-0 7. 0-0 Qe8 8. Nbd2 Nc6 9. Nc4 Ne4 10. d5 Bxb2 11. Nxb2 Nd8 12. c4 e5 13. dxe6 Nxe6 14. e3 a5 15. Qc2 N6c5 16. Nd3 Nxd3 17. Qxd3 g5 18. Nd2 Nc5 19. Qc3 Bd7 20. Rae1 Bc6 21. f3 Qe5 22. Qd4 Rae8 23. Qxe5 dxe5 24. e4 Rd8 25. Re2 fxe4 26. Nxe4 Bxe4 27. fxe4 Rxf1+ 28. Bxf1 Rd1 29. Re3 Rd2 30. a3 Rb2 31. b4 axb4 32. axb4 Rxb4 0-1

[Event "Krakow op"]
[Site "Krakow"]
[Date "2012.05.03"]
[Round "6"]
[White "Zaboklicki, Zbigniew"]
[Black "Kolodkin, Daniil"]
[Result "1-0"]
[WhiteElo "1837"]
[BlackElo "1926"]
[PlyCount "77"]
[EventDate "2012.04.29"]
[EventType "swiss"]
[EventRounds "9"]
[EventCountry "POL"]
[SourceTitle "CBM 148 Extra"]
[Source "ChessBase"]
[SourceDate "2012.06.22"]
[SourceVersion "1"]
[SourceVersionDate "2012.06.22"]
[SourceQuality "1"]

1. d4 Nf6 2. c4 g6 3. Nc3 d5 4. e3 Bg7 5. Qb3 dxc4 6. Bxc4 0-0 7. Nf3 Nc6 8. Be2 b6 9. 0-0 Bb7 10. Rd1 e6 11. Bd2 Qe7 12. Rac1 Rfd8 13. a3 Rac8 14. Qa2 a6 15. b4 e5 16. d5 Nb8 17. e4 c6 18. Be3 cxd5 19. Bxb6 d4 20. Bxd8 Rxd8 21. Nd5 Nxd5 22. exd5 Bxd5 23. Qc2 Bh6 24. Qc7 Qf6 25. Rc5 Bb3 26. Rb1 Ba2 27. Rd1 Bb3 28. Rb1 Ba2 29. Rf1 d3 30. Bxd3 Rxd3 31. Qxb8+ Kg7 32. Rc8 Bf4 33. Rh8 Kh6 34. Qf8+ Kh5 35. Rxh7+ Kg4 36. h3+ Kf5 37. Nh4+ Ke4 38. Re1+ Kd5 39. Rf1 1-0

[Event "Krakow op"]
[Site "Krakow"]
[Date "2012.05.02"]
[Round "4"]
[White "Zaboklicki, Zbigniew"]
[Black "Kosturkiewicz, Jacek"]
[Result "1-0"]
[WhiteElo "1837"]
[BlackElo "2012"]
[PlyCount "119"]
[EventDate "2012.04.29"]
[EventType "swiss"]
[EventRounds "9"]
[EventCountry "POL"]
[SourceTitle "CBM 148 Extra"]
[Source "ChessBase"]
[SourceDate "2012.06.22"]
[SourceVersion "1"]
[SourceVersionDate "2012.06.22"]
[SourceQuality "1"]

1. d4 Nf6 2. Nf3 b6 3. g3 Bb7 4. Bg2 e6 5. 0-0 c5 6. c3 Be7 7. Bg5 0-0 8. Nbd2 d6 9. Qc2 Nbd7 10. dxc5 bxc5 11. e4 h6 12. Bxf6 Bxf6 13. Rfd1 Qc7 14. Nc4 d5 15. exd5 Bxd5 16. Ne3 Bc6 17. Ng4 Be7 18. Rd2 Nf6 19. Nxf6+ Bxf6 20. Rad1 Rad8 21. Rxd8 Rxd8 22. Rxd8+ Qxd8 23. Ne1 Bxg2 24. Nxg2 Qd5 25. Qb1 Qd2 26. Ne3 Bg5 27. Nf1 Qe2 28. h4 Bf6 29. Qc1 g5 30. hxg5 Bxg5 31. f4 Bf6 32. Qd2 Qc4 33. a3 Kg7 34. Kf2 h5 35. Ne3 Qe4 36. Ng2 Kg6 37. Qe2 Qxe2+ 38. Kxe2 Kf5 39. Kf3 e5 40. Ne3+ Kg6 41. f5+ Kg5 42. Ke4 Bd8 43. c4 Ba5 44. Kxe5 Bc7+ 45. Ke4 Bxg3 46. b4 h4 47. bxc5 h3 48. Kf3 Be5 49. c6 a5 50. Nd5 Kxf5 51. c7 Bxc7 52. Nxc7 Ke5 53. Nb5 f5 54. Kg3 Ke4 55. Kxh3 Ke3 56. Kg2 Ke4 57. Kf2 a4 58. Ke2 Kf4 59. c5 Ke5 60. c6 1-0

[Event "Krakow op-B 22nd"]
[Site "Krakow"]
[Date "2011.12.28"]
[Round "2"]
[White "Zaboklicki, Zbigniew"]
[Black "Suliborski, Jakub"]
[Result "0-1"]
[WhiteElo "1856"]
[BlackElo "1982"]
[PlyCount "74"]
[EventDate "2011.12.27"]
[EventType "swiss"]
[EventRounds "9"]
[EventCountry "POL"]
[SourceTitle "CBM 146 Extra"]
[Source "ChessBase"]
[SourceDate "2012.02.29"]
[SourceVersion "1"]
[SourceVersionDate "2012.02.29"]
[SourceQuality "1"]

1. Nf3 e6 2. d4 f5 3. c4 Nf6 4. Nc3 b6 5. g3 Bb7 6. Bg2 Bb4 7. Qb3 Bxc3+ 8. Qxc3 0-0 9. 0-0 d6 10. Bg5 Nbd7 11. c5 bxc5 12. dxc5 Nxc5 13. Rac1 a5 14. Rfd1 h6 15. Be3 Nd5 16. Rxd5 Bxd5 17. Bxc5 dxc5 18. Qxc5 Qf6 19. Rc3 Rab8 20. b3 a4 21. Nd4 Bxg2 22. Kxg2 axb3 23. axb3 Kh7 24. Re3 Rfe8 25. Nc6 Rb6 26. Ne5 Qe7 27. Qc3 c5 28. Rd3 Rd8 29. Rf3 Rdb8 30. Qc2 Qb7 31. Kh3 Rxb3 32. Rxf5 exf5 33. Qxf5+ Kh8 34. Ng6+ Kg8 35. Qe6+ Kh7 36. Ne7 Rb6 37. Qf5+ Kh8 0-1

[Event "Krakow op"]
[Site "Krakow"]
[Date "2011.08.07"]
[Round "2"]
[White "Zaboklicki, Zbigniew"]
[Black "Muc, Marcin"]
[Result "0-1"]
[WhiteElo "1895"]
[BlackElo "2157"]
[PlyCount "72"]
[EventDate "2011.08.06"]
[EventType "swiss"]
[EventRounds "9"]
[EventCountry "POL"]
[SourceTitle "CBM 144 Extra"]
[Source "ChessBase"]
[SourceDate "2011.10.28"]
[SourceVersion "1"]
[SourceVersionDate "2011.10.28"]
[SourceQuality "1"]

1. Nf3 Nf6 2. c4 e6 3. b3 Be7 4. Bb2 0-0 5. g3 b6 6. Bg2 Bb7 7. 0-0 d5 8. cxd5 exd5 9. d3 c5 10. Nbd2 Nc6 11. d4 Rc8 12. dxc5 bxc5 13. Rc1 Qa5 14. a3 Rfd8 15. Bc3 Qb6 16. Nh4 Ne4 17. Nf5 Nxc3 18. Nxe7+ Nxe7 19. Rxc3 d4 20. Rc1 Bxg2 21. Kxg2 Nd5 22. Nf3 Nc3 23. Qc2 Re8 24. Rfe1 Qc6 25. Qd3 Re6 26. Rc2 Rce8 27. b4 g5 28. h3 h5 29. Kg1 c4 30. Qf5 Nxe2+ 31. Rexe2 Rxe2 32. Rxe2 Rxe2 33. Qxg5+ Kf8 34. Qxh5 d3 35. Qh8+ Ke7 36. Qh4+ Qf6 0-1

[Event "Krakow Malopolski-chA"]
[Site "Krakow"]
[Date "2011.05.07"]
[Round "7"]
[White "Kumor, Lukasz"]
[Black "Zaboklicki, Zbigniew"]
[Result "1-0"]
[WhiteElo "2165"]
[BlackElo "1898"]
[PlyCount "55"]
[EventDate "2011.05.01"]
[EventType "swiss"]
[EventRounds "9"]
[EventCountry "POL"]
[SourceTitle "EXT 2013"]
[Source "ChessBase"]
[SourceDate "2012.11.22"]
[SourceVersion "1"]
[SourceVersionDate "2012.11.22"]
[SourceQuality "1"]

1. e4 c5 2. Nf3 Nc6 3. d4 cxd4 4. Nxd4 e6 5. Nc3 a6 6. g3 Nge7 7. Bg2 Nxd4 8. Qxd4 Nc6 9. Qd1 Bc5 10. 0-0 h5 11. h4 Ne5 12. Bf4 Ng4 13. Na4 Ba7 14. Bd6 g5 15. hxg5 Qxg5 16. Bf4 Qa5 17. c4 b5 18. e5 Rb8 19. cxb5 axb5 20. Nc3 Nxf2 21. Rxf2 Bxf2+ 22. Kxf2 h4 23. Ne4 hxg3+ 24. Kxg3 Rg8+ 25. Bg5 Rxg5+ 26. Nxg5 b4 27. Qd6 Qa7 28. Rh1 1-0

[Event "Krakow Malopolski-chA"]
[Site "Krakow"]
[Date "2011.05.06"]
[Round "6"]
[White "Zaboklicki, Zbigniew"]
[Black "Jakubiec, Edyta"]
[Result "0-1"]
[WhiteElo "1898"]
[BlackElo "2206"]
[PlyCount "166"]
[EventDate "2011.05.01"]
[EventType "swiss"]
[EventRounds "9"]
[EventCountry "POL"]
[SourceTitle "EXT 2013"]
[Source "ChessBase"]
[SourceDate "2012.11.22"]
[SourceVersion "1"]
[SourceVersionDate "2012.11.22"]
[SourceQuality "1"]

1. Nf3 f5 2. b3 Nf6 3. Bb2 g6 4. g3 Bg7 5. Bg2 0-0 6. 0-0 d6 7. d4 Ne4 8. Nbd2 Nxd2 9. Qxd2 Nc6 10. Rad1 Qe8 11. e3 e5 12. dxe5 dxe5 13. c4 Qe7 14. Qc1 a5 15. Ne1 e4 16. Ba3 Nb4 17. Nc2 c5 18. Bxb4 axb4 19. a3 bxa3 20. Nxa3 Bd7 21. Nb1 Bc6 22. Nc3 Qe5 23. Nd5 Ra2 24. Rd2 Rfa8 25. Rxa2 Rxa2 26. Qd1 h5 27. Nf4 Kh7 28. h4 Bf6 29. Bh3 Kh6 30. Bg2 Rb2 31. Kh2 b5 32. Kg1 b4 33. Nh3 Ra2 34. Ng5 Kg7 35. Nh3 Be8 36. Nf4 Bc6 37. Nh3 Qe6 38. Nf4 Qd7 39. Qxd7+ Bxd7 40. Rd1 Ra1 41. Rxa1 Bxa1 42. f3 exf3 43. Bxf3 Kf6 44. Nd3 Be5 45. Nxc5 Be8 46. Kf2 Ke7 47. Nd3 Bc3 48. Ke2 Kf6 49. Nf4 Bf7 50. Bd5 Be8 51. Nd3 g5 52. hxg5+ Kxg5 53. Kf3 Bd7 54. Nc1 Be1 55. c5 Kf6 56. Nd3 Bc3 57. Bb7 Be6 58. Nc1 Bd2 59. Ne2 Bxb3 60. Nd4 Bd1+ 61. Kf2 b3 62. c6 Ba5 63. Ba6 Bc2 64. Nxb3 Bxb3 65. Be2 Kg5 66. Bf3 Bc2 67. Be2 Be4 68. Bb5 Bc7 69. Ba4 Bd5 70. Bb5 Bb3 71. Be2 Bc2 72. Bc4 Be4 73. Bb5 Kg4 74. Be2+ Kh3 75. Bxh5 Bxg3+ 76. Ke2 Bxc6 77. Bg6 Be4 78. Be8 Kg2 79. Bh5 Be5 80. Bg6 Bb2 81. Bh5 Kg3 82. Bg6 Bf3+ 83. Kd3 Bg4 0-1

[Event "Krakow Malopolski-chA"]
[Site "Krakow"]
[Date "2011.05.02"]
[Round "2"]
[White "Zaboklicki, Zbigniew"]
[Black "Kosturkiewicz, Jacek"]
[Result "1/2-1/2"]
[WhiteElo "1898"]
[BlackElo "2030"]
[PlyCount "55"]
[EventDate "2011.05.01"]
[EventType "swiss"]
[EventRounds "9"]
[EventCountry "POL"]
[SourceTitle "EXT 2013"]
[Source "ChessBase"]
[SourceDate "2012.11.22"]
[SourceVersion "1"]
[SourceVersionDate "2012.11.22"]
[SourceQuality "1"]

1. Nf3 Nf6 2. d4 b6 3. g3 Bb7 4. Bg2 e6 5. 0-0 c5 6. c3 Be7 7. Nbd2 0-0 8. Re1 cxd4 9. cxd4 d5 10. Ne5 Nc6 11. Nxc6 Bxc6 12. Nf3 Nd7 13. Bf4 b5 14. Ne5 Nxe5 15. dxe5 Bc5 16. Rc1 Qb6 17. e3 Rac8 18. Qg4 Kh8 19. Bg5 d4 20. Bxc6 dxe3 21. Bxe3 Bxe3 22. Rxe3 Rxc6 23. Rf1 Rfc8 24. Qf4 Kg8 25. Rd3 Rc4 26. Qf3 Qc7 27. Rfd1 Rc1 28. Kg2 1/2-1/2

[Event "Wisla op"]
[Site "Wisla"]
[Date "2009.05.08"]
[Round "7"]
[White "Gigon, Stanislaw"]
[Black "Zaboklicki, Zbigniew"]
[Result "1-0"]
[WhiteElo "1940"]
[BlackElo "1891"]
[PlyCount "71"]
[EventDate "2009.05.04"]
[EventType "swiss"]
[EventRounds "11"]
[EventCountry "POL"]
[SourceTitle "EXT 2012"]
[Source "ChessBase"]
[SourceDate "2011.11.24"]
[SourceVersion "1"]
[SourceVersionDate "2011.11.24"]
[SourceQuality "1"]

1. e4 c5 2. Nf3 Nc6 3. c3 e6 4. d4 d5 5. e5 Nge7 6. Bd3 cxd4 7. cxd4 Nf5 8. Bxf5 exf5 9. 0-0 Be7 10. b3 g5 11. Ba3 g4 12. Bxe7 Qxe7 13. Ne1 Be6 14. Nc3 Qb4 15. Ne2 Qb6 16. a3 h5 17. b4 h4 18. Rc1 g3 19. hxg3 hxg3 20. Nxg3 Qxd4 21. Qxd4 Nxd4 22. Nd3 Rh4 23. f4 b6 24. Kf2 Ke7 25. Rh1 Rah8 26. Rxh4 Rxh4 27. Ke3 Nb5 28. Ne2 Rg4 29. Rg1 Rg8 30. g3 Rh8 31. Nf2 Rh5 32. Rh1 Rxh1 33. Nxh1 a6 34. Nf2 Kd7 35. Nd1 Kc7 36. Ndc3 1-0